| 000 | 00543nam a2200205 a 4500 | ||
|---|---|---|---|
| 001 | 70802 | ||
| 003 | BD-RjUL | ||
| 005 | 20211209082037.0 | ||
| 008 | 170420s1959 pic |||| |||| 000 0 eng d | ||
| 035 | _a(BD-RjUL)71016 | ||
| 040 |
_aBD-RjUL _beng _cBD-RjUL _dBD-RjUL |
||
| 041 | _aeng | ||
| 082 |
_223 _a515 _bNIA 1959 |
||
| 100 | 1 |
_aNickerson, H K _9209558 |
|
| 245 | 1 | 0 |
_aAdvanced calculus / _cH K Nickerson |
| 260 |
_aPrinceton, N.J. : _bVan Nostrand, _c1959 |
||
| 300 |
_a539 p. ; _c35 cm. |
||
| 650 |
_aCalculus _9209559 |
||
| 942 |
_2ddc _cBK |
||
| 999 |
_c70802 _d70802 |
||